000 00571nam a2200205 4500
003 OSt
005 20240719055057.0
006 a
008 240719b |||||||| |||| 00| 0 eng d
020 _a0071253963
040 _aDWCL-Main lib.
_cOC
082 _2Eighth edition
_aCirc. 658.15 B828c 2006
100 _aBrealey, Richard A.
245 _aCorporate finance, 8th ed. /
260 _aNew York :
_bMcGraw-Hill,
_cc2006.
300 _axxvii,
_b1028 p. :
_c25 cm.
504 _aIncludes index.
650 _a1. Corporation-Finance.
942 _2ddc
_n0
_cBK-CIRC
_kCirc.
999 _c2439
_d2439